000 00459nam a2200181 4500
003 LK-CoMWRAF
005 20230905000904.0
008 230905b1974 |||||||| |||| 00| 0 eng d
020 _a0584106769
040 _aLK-CoMWRAF
_dLK-CoMWRAF
_eLK-CoMWRAF
041 _aeng
082 _a823
_bSTR
100 _aStrong, Patience
245 _abeside the still waters
260 _aLondon :
_bFrederick muller Ltd,
_c1974
650 _aEnglish Fiction
942 _cBK
999 _c3402
_d3402